MARC details
| 000 -LEADER |
| fixed length control field |
01262cam a22003251a 4500 |
| 001 - CONTROL NUMBER |
| control field |
0000000159 |
| 005 - DATE AND TIME OF LATEST TRANSACTION |
| control field |
20170406112425.0 |
| 008 - FIXED-LENGTH DATA ELEMENTS--GENERAL INFORMATION |
| fixed length control field |
070405s2008 maum a001 0 eng |
| 020 ## - INTERNATIONAL STANDARD BOOK NUMBER |
| International Standard Book Number |
0256173710 (pbk.) |
| 020 ## - INTERNATIONAL STANDARD BOOK NUMBER |
| International Standard Book Number |
9780256173710 (pbk.) |
| 035 ## - SYSTEM CONTROL NUMBER |
| System control number |
(OCoLC)122374168 |
| 035 ## - SYSTEM CONTROL NUMBER |
| System control number |
(OCoLC)122374168 |
| 040 ## - CATALOGING SOURCE |
| Original cataloging agency |
GCO |
| Transcribing agency |
GCO |
| Modifying agency |
OUN |
| 090 ## - LOCALLY ASSIGNED LC-TYPE CALL NUMBER (OCLC); LOCAL CALL NUMBER (RLIN) |
| Classification number (OCLC) (R) ; Classification number, CALL (RLIN) (NR) |
HA29 |
| Local cutter number (OCLC) ; Book number/undivided call number, CALL (RLIN) |
.M268 2008x |
| 100 1# - MAIN ENTRY--PERSONAL NAME |
| Personal name |
Lind, Douglas A. |
| 245 10 - TITLE STATEMENT |
| Title |
Study guide for use with statistical techniques in business & economics ninth Edition / |
| Statement of responsibility, etc. |
Robert D. Mason, Douglas A. Lind. |
| 246 3# - VARYING FORM OF TITLE |
| Title proper/short title |
Study guide for use with statistical techniques in business and economics. |
| 246 23 - VARYING FORM OF TITLE |
| Title proper/short title |
Statistical techniques in business and economics. |
| 250 ## - EDITION STATEMENT |
| Edition statement |
9th ed. |
| 260 ## - PUBLICATION, DISTRIBUTION, ETC. |
| Place of publication, distribution, etc. |
Boston : |
| Name of publisher, distributor, etc. |
McGraw-Hill/Irwin, |
| Date of publication, distribution, etc. |
c1996. |
| 300 ## - PHYSICAL DESCRIPTION |
| Extent |
v, 319 p. : |
| Other physical details |
ill. ; |
| Dimensions |
28 cm. |
| 650 #0 - SUBJECT ADDED ENTRY--TOPICAL TERM |
| Topical term or geographic name entry element |
Social sciences |
| General subdivision |
Statistical methods. |
| 650 #0 - SUBJECT ADDED ENTRY--TOPICAL TERM |
| Topical term or geographic name entry element |
Economics |
| General subdivision |
Statistical methods. |
| 650 #0 - SUBJECT ADDED ENTRY--TOPICAL TERM |
| Topical term or geographic name entry element |
Commercial statistics. |
| 700 1# - ADDED ENTRY--PERSONAL NAME |
| Personal name |
Robert D. Mason. |
| 856 41 - ELECTRONIC LOCATION AND ACCESS |
| Materials specified |
Table of contents only |
| Uniform Resource Identifier |
<a href="http://www.loc.gov/catdir/toc/ecip0614/2006018157.html">http://www.loc.gov/catdir/toc/ecip0614/2006018157.html</a> |
| 908 ## - PUT COMMAND PARAMETER (RLIN) |
| Put command parameter |
130119 |
| 913 ## - |
| -- |
N |
| 989 #7 - |
| -- |
study_guide_for_use_with_statistical_techniquibaeconomics________2008487_13_mca_______________________________ |